| 000 | 01174nam a2200337 i 4500 | ||
|---|---|---|---|
| 001 | 197887 | ||
| 003 | ES-MaACL | ||
| 005 | 20251203063035.0 | ||
| 007 | ta | ||
| 008 | 251022b2025 sp ||||| |||| 00| 0 spa d | ||
| 017 |
_aB 8422-2025 _bOficina Depósito Legal Barcelona |
||
| 020 | _a978-84-10455-37-5 | ||
| 040 |
_aES-MaACL _bspa _cES-MaACL _erda |
||
| 080 | _a821.134.2-31"19" | ||
| 100 | 1 |
_aInfante, Juan _965258 _eaut |
|
| 245 | 1 | 0 |
_aGarrincha y su Beretta / _cJuan Infante |
| 250 | _aPrimera edición, mayo de 2025 | ||
| 264 | 1 |
_aBarcelona : _bAl Revés, _c2025 |
|
| 300 |
_a382 páginas ; _c23 cm |
||
| 336 |
_2rdacontent _atexto |
||
| 337 |
_2rdamedia _asin mediación |
||
| 338 |
_2rdacarrier _avolumen |
||
| 490 | 0 |
_aAl revés; _v193 |
|
| 500 | _aÍndice | ||
| 655 | 4 |
_2tgfbne _9226784 _aNovelas negras |
|
| 852 |
_aES-MaACL _cDEPO1 _jA-15840 _gDedicatoria autógrafa del autor _hDonación: Juan Infante _xEncuadernación rústica _9206959 |
||
| 942 |
_cMONOGRAFIA _n0 |
||
| 999 |
_c197887 _d197887 |
||